000 00732nam a22001815i 4500
001 154192
003 ES-MaACL
005 20230906205547.0
008 990315s1857 fr |||| | fre d
040 _aCCPB | B
_bspa
_cCCPB | B
100 0 _aMichel, Francisque.
_980892
245 1 3 _aLe Pays Basque
_b: sa population sa langue, ses moeurs sa littérature et sa musique /
_cpar Francisque-Michel.
260 _aParis :
_bLibrairie de Firmin Didot Frères, Fils et Cie ;
_aLondres ;
_aEdimbourg :
_bWilliams & Norgate,
_c1857.
300 _a547 p. ;
_c22 cm.
651 4 _aPaís Vasco.
_9137299
752 _aFrancia -
_dParís
852 _aES-MaACL
_jG-11717
_z-- Enc. hol.
_x-- Edic: Completar T260: (Bordeaux: G. Gonnouillon)
999 _c154192
_d154192